[Event "SRB-chT"]
[Site "Kragujevac"]
[Date "2016.09.22"]
[Round "1.3"]
[White "Predojevic, Borki"]
[Black "Atalik, Suat"]
[Result "1/2-1/2"]
[WhiteElo "2642"]
[BlackElo "2544"]
[Annotator "Atalik,S"]
[PlyCount "25"]
[EventDate "2016.09.22"]
[EventType "team-tourn"]
[EventRounds "11"]
[EventCountry "SRB"]
[SourceTitle "CBM 175"]
[Source "ChessBase"]
[SourceDate "2016.11.10"]
[SourceVersion "1"]
[SourceVersionDate "2016.11.10"]
[SourceQuality "1"]
[WhiteTeam "Jelica PEP"]
[BlackTeam "Sloga Turist"]
[WhiteTeamCountry "SRB"]
[BlackTeamCountry "SRB"]

1. e4 c5 2. Nf3 d6 3. Bb5+ Nd7 {The modern approach.} (3... Bd7 4. Bxd7+ Qxd7
5. c4 Nf6 6. Nc3 g6 7. d4 cxd4 8. Nxd4 Bg7 9. O-O O-O 10. b3 $1 Nc6 11. Bb2 $14
{offers White a slight but long term edge.}) 4. c3 $5 (4. d4 cxd4 5. Qxd4 a6 6.
Bxd7+ Bxd7 {or}) (4. O-O a6 5. Bd3 Ngf6 6. Re1 {constitute part of modern
theory.}) 4... Ngf6 5. Qe2 a6 6. Ba4 b5 7. Bc2 Bb7 8. d4 g6 $5 {A risky line.}
(8... e5 9. O-O Be7 10. Rd1 Qc7 11. a4 O-O 12. dxe5 dxe5 13. axb5 axb5 14. Rxa8
Rxa8 15. Na3 (15. Qxb5 $2 Ba6 16. Qa4 Nb6 $19) 15... b4 16. Nc4 bxc3 17. bxc3
Bc6 $14 {sounds solid enough.}) 9. O-O Bg7 10. e5 dxe5 11. dxe5 Bxf3 12. gxf3
Nh5 13. e6 $14 {I was not content with the developments so I agreed to a draw
after a short period of thought.} (13. e6 fxe6 14. Qxe6 Qb6 15. Qxb6 Nxb6 16.
a4 $1 (16. Be3 $6 Nc4 17. Bxc5 Nxb2 18. Re1 O-O) (16. Nd2) 16... Nxa4 17. Bxa4
bxa4 18. Rxa4 O-O 19. Kg2 Be5 $14) 1/2-1/2

[Event "SRB-chT Central"]
[Site "Kragujevac"]
[Date "2013.09.21"]
[Round "10.5"]
[White "Radibratovic, Predrag"]
[Black "Atalik, Suat"]
[Result "0-1"]
[WhiteElo "2362"]
[BlackElo "2566"]
[Annotator "Atalik,S"]
[PlyCount "32"]
[EventDate "2013.09.14"]
[EventType "team-tourn"]
[EventRounds "11"]
[EventCountry "SRB"]
[SourceTitle "CBM 158"]
[Source "ChessBase"]
[SourceDate "2014.01.16"]
[SourceVersion "1"]
[SourceVersionDate "2014.01.16"]
[SourceQuality "1"]
[WhiteTeam "Prijepolje Priko"]
[BlackTeam "Kraljevo Sloga Turist"]
[WhiteTeamCountry "SRB"]
[BlackTeamCountry "SRB"]

1. e4 c5 2. Nf3 Nc6 {Long time no Sicilians!} 3. Bb5 d6 4. O-O Bd7 5. Re1 Nf6 (
5... a6 6. Bxc6 Bxc6 7. d4 cxd4 8. Nxd4 $1 (8. Qxd4 e5 9. Qd3 h6 $132) 8... Rc8
$14 {and Black lags in development.}) 6. h3 $5 {A funny little move.} (6. c3 a6
7. Bf1 $1 (7. Bxc6 Bxc6 8. d4 Bxe4 9. Bg5 Bd5 10. c4 (10. Nbd2 b5 11. c4 (11.
b3 e6 12. c4 Bb7 13. d5 e5 14. Nxe5 dxe5 15. Rxe5+ Be7 16. Ne4 O-O 17. d6 Nxe4
18. Bxe7 Qb6 $14) 11... bxc4 12. dxc5 e6 13. Rc1 dxc5 14. Ne5 Qb8 $1) 10...
Bxf3 (10... Bxc4 11. Nc3 e6 12. Bxf6 gxf6 13. d5 e5 14. Nh4 Bb5 15. Ne4 Bd7 16.
Qh5 Be7 17. Nf5 Bxf5 18. Qxf5 Qd7 19. Nxf6+ Bxf6 20. Qxf6 Rg8 21. f4 Qg4 22. g3
Rg6 23. Qh8+ Rg8 24. Qf6 (24. Qxh7 O-O-O $44) 24... Rg6 $11) 11. Qxf3 cxd4 12.
Qxb7 (12. Bxf6 gxf6 13. Qxf6 Rg8 14. Qxd4 Bg7 15. Qd2 Rc8 $13) 12... Qc8 13.
Qf3 e5 14. Bxf6 gxf6 $13) 7... e5 $5 8. h3 (8. d4 cxd4 (8... Be7 9. d5 Na7 $14)
9. cxd4 Bg4 10. d5 Nd4 11. Be3 Nxf3+ 12. gxf3 Bd7 $13) 8... Be7 9. d4 Qc7 10.
d5 Na5 11. Nbd2 b5 $132 {is exactly like a Spanish Chigorin.}) 6... e5 (6... a6
7. Bf1 e5 8. c3 {transposes to the line I have mentioned above.}) 7. c3 a6 8.
Ba4 $6 {No matter what happens I find this risky.} (8. Bf1 Be7 $13 (8... g5 $5
9. d4 g4 10. hxg4 Bxg4)) (8. Bxc6 Bxc6 9. d4 Qc7 $13) 8... b5 9. Bc2 g5 $1 {
Natural! In e4, e5 positions with the centre locked, g5 thrusts become very
dangerous combined especially with White's h3.} 10. d4 (10. d3 g4 11. hxg4 Bxg4
12. Nbd2 h5 $5) 10... g4 {I prefer this direct approach} ({to} 10... cxd4 11.
Bxg5 (11. cxd4 g4 12. hxg4 Bxg4 13. Be3 exd4 14. Bxd4 Bxf3 15. gxf3 Rg8+ 16.
Kf1 Nh5 $40) 11... Rg8 12. Kh1 $1 (12. cxd4 Bxh3 13. gxh3 h6 (13... Nxd4 14.
Nxd4 Rxg5+ 15. Kf1 exd4 16. Qxd4 Bg7 $40) 14. dxe5 Nxe5 $40) 12... Be7 $13) 11.
dxe5 $2 {An unnecessary exchange.} (11. hxg4 Bxg4 12. dxc5 Rg8 $1 (12... dxc5
13. Qxd8+ Rxd8 14. a4 $132) 13. cxd6 Bxd6 $44 (13... Ra7 $5 14. Qe2 Rd7 $44))
11... gxf3 $1 12. exf6 Qxf6 (12... Ne5 $5 13. Nd2 Bxh3 $5 14. Nxf3 (14. gxh3 $2
Rg8+ 15. Kf1 Qd7 $19) 14... Bg4 $13) 13. e5 ({The only way to keep the game
going is supposed to be} 13. Nd2 $142 fxg2 (13... Ne5 14. Nxf3) 14. e5 $1 dxe5
15. Ne4 Qe6 16. Bg5 $44) (13. Qxf3 $2 Qxf3 14. gxf3 Ne5 $1 {ought to be what
he missed!} 15. Nd2 Bh6 $17) 13... Nxe5 14. Qd5 $2 {After a lot of thought my
opponent lost it by direct play.} (14. Nd2 O-O-O 15. Ne4 Qg7 $40 (15... Qg6 16.
Ng3 $11) (15... Qe6 16. Ng5 Qf6 17. Ne4 $11)) 14... Rc8 15. Nd2 (15. Qxf3 Qxf3
16. gxf3 Kd8 $17) 15... Bc6 $1 $19 16. Ne4 Qg7 0-1

[Event "Alushta Autumn 1st"]
[Site "Alushta"]
[Date "2004.08.29"]
[Round "2"]
[White "Ovetchkin, Roman"]
[Black "Paragua, Mark"]
[Result "0-1"]
[WhiteElo "2475"]
[BlackElo "2529"]
[Annotator "Atlas,V"]
[PlyCount "160"]
[EventDate "2004.08.28"]
[EventType "tourn"]
[EventRounds "15"]
[EventCountry "UKR"]
[EventCategory "9"]
[SourceTitle "CBM 103"]
[Source "ChessBase"]
[SourceDate "2004.11.11"]
[SourceVersion "1"]
[SourceVersionDate "2004.11.11"]
[SourceQuality "1"]

1. e4 c5 2. Nf3 d6 3. Bb5+ Nd7 4. d4 Ngf6 5. O-O cxd4 6. Qxd4 a6 7. Bxd7+ Bxd7
8. Bg5 h6 9. Bxf6 gxf6 10. c4 e6 11. Nc3 Rc8 12. a4 h5 13. b4 h4 14. h3 Rh5 15.
Rfe1 Be7 16. Re3 Qc7 17. Nd2 Kf8 18. Rb1 Kg8 19. Qd3 Kh8 20. Qe2 Rh7 21. Kh1
Rg8 22. f4 Bf8 23. f5 Bh6 24. Rf3 Bg5 25. Qf2 Rhg7 26. Rd1 Kh7 27. Rd3 Bh6 28.
b5 $6 (28. Qxh4 $5 Rxg2 29. e5 $1 {, with the idea 30.Nde4, deserved serious
attention. The text move yields Black a durable advantage.}) 28... Rxg2 $1 29.
Qxg2 Rxg2 30. Kxg2 Bxd2 31. R1xd2 Qxc4 32. fxe6 Bxe6 33. Rf3 axb5 34. axb5 Qc5
35. Rdf2 Qe5 36. Kg1 b6 37. Rg2 f5 $1 38. Nd5 Kh6 39. Rf4 Kh5 40. Rgf2 fxe4 41.
Nf6+ Kh6 42. Rxh4+ Kg7 43. Rxe4 Qxb5 44. Re3 Kf8 45. h4 Qc4 46. Rg3 d5 ({
Of course, not} 46... Qxh4 $4 47. Rg8+ Ke7 48. Re8#) 47. h5 Qh4 48. Rg8+ Ke7
49. Rh8 d4 (49... Qg3+ 50. Kf1 Qd3+ 51. Kg2 Bh3+ 52. Kh2 Bf5 $1 {was a simpler
way to the victory.}) 50. Rg8 b5 51. Rgg2 Bh3 52. Rg8 Kd6 53. Rf3 Qe1+ 54. Kh2
Be6 55. Rgg3 b4 56. Rg1 Qh4+ 57. Kg2 b3 58. Rh1 Qg5+ 59. Kf2 Bf5 60. Rxb3 d3
61. Rb6+ Kc5 62. Rhb1 Qf4+ 63. Kg2 Be6 64. R1b5+ Kd4 65. Rb4+ Bc4 66. Rb1 (66.
Rc6 $4 {fails to} Qd2+) 66... d2 67. h6 Qg5+ 68. Kf3 Be6 69. R1b4+ Kd3 70. Rd6+
{[%tqu "En","Does Black have anything better than draw by repetition?","The
d2-pawn is your main trump!","Sacrifice your bishop to attain the goal of pawn
promotion.","e6d5","This nice move spells a quick end for White.",3]} Bd5+ $1 {
[%csl Gd2,Gd5,Rf3,Gg5][%cal Gd2d1] The final culmination! Now the d2-pawn
reach its aim.} ({White was hoping for} 70... Kc2 71. Rc6+ Kd3 (71... Kd1 $4
72. Rb1#) 72. Rd6+ {, with draw by repetition.}) (70... Kc3 $4 71. Ne4+) 71.
Rxd5+ Qxd5+ 72. Nxd5 d1=Q+ 73. Kf4 Qh5 {Now the game is over.} 74. Rb5 Qxh6+
75. Ke5 Qe6+ 76. Kf4 Qd6+ 77. Kf3 Qc6 78. Ra5 Kd4 79. Kf4 Qc1+ 80. Kf5 Qe1 0-1

[Event "BIH-chT"]
[Site "Neum"]
[Date "2004.06.05"]
[Round "8.3"]
[White "Savic, Miodrag R"]
[Black "Sibarevic, Milenko"]
[Result "0-1"]
[WhiteElo "2529"]
[BlackElo "2358"]
[Annotator "Atlas,V"]
[PlyCount "78"]
[EventDate "2004.05.29"]
[EventType "team"]
[EventRounds "9"]
[EventCountry "BIH"]
[SourceTitle "CBM 102"]
[Source "ChessBase"]
[SourceDate "2004.09.23"]
[SourceVersion "1"]
[SourceVersionDate "2004.09.23"]
[SourceQuality "1"]
[WhiteTeam "Sokolac"]
[BlackTeam "Banja Luka"]
[WhiteTeamCountry "BIH"]
[BlackTeamCountry "BIH"]

1. e4 c5 2. Nf3 d6 3. Bb5+ Nd7 4. O-O a6 5. Bxd7+ Bxd7 6. d4 cxd4 7. Qxd4 e5 8.
Qd3 h6 9. c4 Nf6 10. b3 Be7 11. Nc3 O-O 12. Rd1 b5 13. c5 dxc5 14. Nxe5 Be6 15.
Qg3 Qe8 16. Bxh6 Nh5 17. Qf3 f6 18. Nc6 Qxc6 19. Qxh5 f5 20. Bg5 Bd6 21. Nd5
Ra7 22. Qh4 Re8 23. Rac1 Rd7 24. f3 c4 $1 25. Kh1 Ba3 $1 26. Nf6+ $2 ({A
dubious decision. White does not obtain sufficient compensation for the
sacrificed material. Better was Eine zweifelhafte Entscheidung. Weiß erhält
keine ausreichende Kompensation für die Qualität. Besser war} 26. bxc4 bxc4 (
26... Bxc1 27. Rxc1 fxe4 28. fxe4 bxc4 29. Ne7+ Rexe7 30. Bxe7 Rd4 {, with
better chances for Black mit besseren Chancen für Schwarz}) 27. Rc2 Bxd5 28.
exd5 Rxd5 29. Rxd5 Qxd5 {, with a dangerous initiative. mit gefährlicher
Initiative.}) 26... gxf6 27. Bxf6 Rh7 28. Qg5+ Kf7 29. exf5 Rg8 $1 30. Qf4 Bxc1
31. fxe6+ Qxe6 32. Qxc1 Qe2 (32... Kxf6 {(32...Rxg2!?) was winning too, but
the text move is the most elegant way to victory. (32...Rxg2!?) gewann
ebenfalls, aber der Textzug ist der eleganteste Gewinnweg.}) 33. Rd7+ Ke6 34.
Rd2 {[%tqu "En","Black's major pieces are superbly placed and ready to deliver
the decisive blow. Can you find it?","Destroy the pawn shield around the enemy
king and exploit the shaky position of the white rook.","Sacrifice your rook!",
"h7h2","This beautiful sacrifice yields Black a decisive advantage.",4,"De",
"Die schwarzen Schwerfiguren sind superb platziert und zum Entscheidungsschlag
bereit. Wie sieht der aus?","Vernichten Sie den Bauernschutz vor dem
feindlichen König und nutzen Sie dabei die anfällige Stellung des weißen Turms.
","Opfern Sie den Turm!","h7h2","Dieses wunderschöne Opfer verschafft Schwarz
entscheidenden Vorteil.",4]} Rxh2+ $1 {[%csl Rd2,Rg2,Rh1,Gh2][%cal Ge2g2,Gg8g2]
} ({This excellent move decides the outcome of the battle in Black's favour.
All other continuations were fatal for Black: Dieser ausgezeichnete Zug
entscheidet die Schlacht zugunsten des Schwarzen. Alle anderen Fortsetzungen
wären allerdings auch fatal gewesen:} 34... Rxg2 $2 35. Rxe2+ Rxe2 36. h4 Kxf6
37. Qg5+ {, with a durable advatnage. mit dauerhaftem Vorteil.}) (34... Qe3 $4
35. Rd6+ {, winning und gewinnt.}) 35. Kxh2 Rxg2+ 36. Kh1 ({Of course, not
Natürlich nicht} 36. Kh3 $2 Qxf3+ 37. Kh4 Qg4#) 36... Rh2+ 37. Kg1 Qxd2 38. Qf1
({The ending after Das Endspiel nach} 38. Qxd2 Rxd2 {is absolutely hopeless
for White. ist absolut hoffnungslos für Weiß.}) 38... Kxf6 39. bxc4 Re2 0-1

[Event "ISR-chT"]
[Site "Israel"]
[Date "2002.03.09"]
[Round "6"]
[White "Smirin, Ilia"]
[Black "Avrukh, Boris"]
[Result "1/2-1/2"]
[WhiteElo "2700"]
[BlackElo "2591"]
[Annotator "Avrukh,B"]
[PlyCount "64"]
[EventDate "2002.01.10"]
[EventType "team"]
[EventRounds "11"]
[EventCountry "ISR"]
[SourceTitle "CBM 088"]
[Source "ChessBase"]
[SourceDate "2002.03.21"]
[SourceVersion "1"]
[SourceVersionDate "2002.03.21"]
[SourceQuality "1"]

1. e4 c5 2. Nf3 Nc6 3. Bb5 d6 4. O-O Bd7 5. c3 Nf6 6. Re1 a6 7. Ba4 c4 8. Bc2
e5 9. b3 cxb3 $5 {[%mdl 8]} (9... b5 10. Na3 (10. bxc4 bxc4) (10. Qe2 Rc8 11.
d3 cxb3 12. axb3 b4 13. Rxa6 bxc3 $15 {0-1 Rozentalis,E-Dokhoian,Y/Bonn 1994/
CBM 40/[Von Gleich] (75)}) 10... cxb3 11. axb3 Be7 12. d4 O-O 13. d5 Na5 14.
Nxe5 $1 dxe5 15. d6 Bg4 16. dxe7 Qxe7 17. Qd3 $14 {[%csl Gc1,Gc2] 1/2-1/2
Leino,J-Nokso Koivisto,A/Salo 1993/EXT 99 (53)}) 10. axb3 Bg4 $1 {I found this
idea during the game,but now it's looking very logical for me,black really
gets quite good play.} 11. d3 ({White achieves nothing after both:} 11. d4 Bxf3
12. gxf3 Nh5 13. f4 Qh4 $1 {[%csl Gg1]} (13... Nxf4 14. Bxf4 exf4 15. Qg4 $44))
({and} 11. h3 Bh5 12. g4 Bg6 13. d4 Be7 14. d5 Nb8 15. Nbd2 {[%cal Gd2f1,Gf1g3]
} h5 $1 16. g5 Nh7 17. h4 f6 $36) 11... Be7 12. Nbd2 O-O (12... d5 13. h3 Bh5
14. g4 Bg6 15. Bb2 O-O 16. Nf1 $13 (16. Qe2 $5)) 13. h3 Bh5 14. Nf1 d5 15. g4
Bg6 16. Ng3 Rc8 (16... d4 $5 {Was already very interesting} 17. cxd4 (17. Bb2
$143 $6 dxc3 18. Bxc3 Qc7 $1 {[%csl Rc2,Rc3][%cal Ga8c8]} (18... Bb4 19. Bxb4
Nxb4 20. Nxe5 Qc7 21. Nc4 b5 22. Ne3 $44) 19. Qd2 Rac8 $17 {[%csl Gc2,Gc3]})
17... Nxd4 (17... Bb4 $2 18. dxe5 $16) (17... exd4 18. Bb2 $13) 18. Nxe5 (18.
Bb2 Nxf3+ 19. Qxf3 Nd7 {with nice play for black}) 18... Qc7 19. Nc4 b5 20. Ne3
Bd6 $44 (20... Rfc8 21. Ra2) (20... Qc3 $6 21. Bd2 $1 Qxd2 22. Qxd2 Nf3+ 23.
Kg2 Nxd2 24. Red1 Bb4 25. g5 $16 {[%cal Ge3d5]})) 17. Bb2 (17. Be3 $6 dxe4 $140
(17... d4 $1 18. cxd4 exd4 19. Bd2 Nd7 $15) 18. dxe4 Qxd1 19. Raxd1 Nb4 20. Bb1
Rxc3 21. Nxe5 Rxb3 22. f4 $16 {[%csl Gg6]}) 17... Bc5 $2 {For sure improving
the position of black bishop,but more important moment ,allowing to white to
insert his bishop into the play with tempo.} ({Necessary was} 17... d4 $1 18.
cxd4 exd4 (18... Nxd4 19. Nxd4 exd4 20. Ne2 {[%cal Gf2f4]} (20. f4 $2 Qc7 {
[%csl Gc2,Gf4]}) 20... Bc5 $13 21. f4 $140 $2 (21. Kg2) 21... Bxe4 22. dxe4 d3+
{[%csl Gg1]})) 18. b4 Bb6 19. Bb3 $16 {White bishop comes into the play and
now any opening of the centre will be very dangerous for black,because the
difference between bishop b3 against bishop on g6,will be decisive.} Re8 (19...
d4 20. cxd4 exd4 21. Qd2 $16 {[%csl Gg6]}) (19... Qd6 20. Nh4 (20. g5 Nh5)
20... Ne7 (20... Nd8 21. Nhf5 Qd7 22. g5) 21. g5 (21. c4 dxc4 22. Bxc4) 21...
Nd7 22. exd5 e4 {[%cal Gd6g3]} 23. d4 $16) (19... a5 20. b5 Ne7 21. Nxe5 Qc7
22. exd5 Nexd5 {[%csl Gc3]} 23. Rc1 Nf4 24. d4 $16) 20. Rc1 Qd6 (20... d4 21.
cxd4 Nxd4 22. Rxc8 Nxf3+ 23. Qxf3 Qxc8 24. g5 Nd7 25. h4 $18 {[%cal Gh4h5]})
21. Nh4 Ne7 22. Qf3 Rf8 23. Kg2 $2 {Missing a good opportunity to seize the
initiative} (23. g5 $1 Nd7 24. Nhf5 $1 (24. exd5 f5 $1 25. Nxg6 hxg6 $44 {
and black has some compensation for the pawn.}) 24... Bxf5 25. Nxf5 Nxf5 26.
exf5 d4 (26... e4 $2 27. dxe4 dxe4 28. Rcd1 $1 Qe7 29. f6 $1 $18) 27. Re4 $16 {
[%cal Ge4h4]} dxc3 28. Rxc3 Rxc3 29. Bxc3 Bd4 30. Bd2 $40 {[%cal Ge4h4]}) 23...
h6 $1 24. Kh2 {Smirin has admited his mistake on previous move and put his
king on the right square,before opening g-file} (24. Nhf5 Bxf5 25. exf5 {
[%cal Gh3h4,Gg4g5]} d4 $1 {[%cal Gf6d5,Gd5f4] bad for white}) 24... Kh8 25.
Nhf5 Bxf5 26. gxf5 a5 $1 {Very important move ,black now starts his own play
on the queenside and white have to be carefull.} 27. Rb1 dxe4 28. dxe4 axb4 29.
cxb4 (29. Red1 $142 $5 {was very interesting idea} Qc5 $6 {[%csl Gf2] looks
logical} (29... Qc7 $142 30. cxb4 Nc6 $11) 30. cxb4 Qxf2+ (30... Qxb4 $2 31.
Bxe5) 31. Qxf2 Bxf2 32. Bxe5 Bxg3+ (32... Nc6 33. Ba1 $1) 33. Kxg3 Nxe4+ 34.
Kf4 {and white gets very strong initiative for the pawn for example:} Nf2 35.
Rd7 Nc6 36. Ba1 $36 {[%csl Ga1,Gb3]}) 29... Nc6 30. b5 Nd4 31. Bxd4 Qxd4 32.
Kg2 Rc3 {Here i decided to offer draw ,black position is slightly better ,but
i didn't find nothing special for example:} (32... Rc3 33. Qe2 Qc5 34. Red1 Kg8
{protecting the f7-pawn and free the rook on f8} 35. Rb2 {with idea Rd3 or Bd5}
) 1/2-1/2